The messenger in the ancient Semitic world /

محفوظ في:

المؤلف الرئيسي: Meier, Samuel A. (مؤلف)

التنسيق: كتاب

اللغة: English

منشور في: Atlanta, Ga. : Scholars Press, c1988.

سلاسل: Harvard Semitic monographs ; 45.

الموضوعات:

الوسوم: إضافة وسم

لا توجد وسوم, كن أول من يضع وسما على هذه التسجيلة!

رقم الطلب: HE9756 .I72 M45 1988

LEADER 01026nam a22003017a 4500
003 OSt
005 20250825083904.0
008 250303s1988 gau g b 001 0 eng d
010 |a 88031164 
020 |a 1555402895 
040 |c ARCE Library 
043 |a a-iq--- 
050 1 4 |a HE9756 .I72   |b M45 1988 
100 1 |a Meier, Samuel A.,  |e author 
245 1 4 |a The messenger in the ancient Semitic world /   |c by Samuel A. Meier. 
264 1 |a Atlanta, Ga. :   |b Scholars Press,   |c c1988. 
300 |a xvii, 269 pages ;   |c 23 cm. 
490 1 |a Harvard Semitic monographs ;   |v 45. 
500 |a OCLC 18629337 
500 |a Originally presented as the author's thesis (doctoral--Harvard University, 1986). 
504 |a Includes bibliographical references (pages [251]-264) and index. 
650 0 |a Messengers  |z Assyria. 
650 0 |a Messengers  |z Iraq  |x History  |x Sources. 
650 0 |a Messengers  |z Iraq  |z Babylonia  |x History. 
830 0 |a Harvard Semitic monographs ;   |v 45. 
901 |a reviewed 
942 |c BK  |2 lcc 
999 |c 22049  |d 22049